000 00901nam a2200265Ia 4500
003 OSt
005 20220918170853.0
006 a|||||r|||| 00| 0
007 ta
008 220917b |||||||| |||| 00| 0 eng d
020 _a9780748695416
_cUKP 70.00
024 _a320,756
037 _b1302, 01/03/2017, Bright Book Service
_cTextual
040 _aARTS
_cARTS
_beng
041 _2eng
_aeng
082 _aO168,6M76:g, 111Q5
100 _aHillier H.C. Ed.
_931856
245 0 _aMuhammad Iqbal
_b essay on the reconstruction of modern muslim thought
260 _aEdinburgh
_bEdinburgh University Press UK
_c2015
300 _axii,244p.
_ccm.
650 _aURDU LITERATURE
700 _a Koshul Basit Bilal Ed.
_931857
942 _hO168,6M76:g, 111Q5
_cTEXL
_2CC
999 _c136365
_d136365